[Event "ESP-ch U12 Rapid"]
[Site "Salobrena"]
[Date "2022.07.17"]
[Round "5"]
[White "Bermudez Salmon, Mateo Tomas"]
[Black "Tornay Araujo, Marc"]
[Result "1-0"]
[WhiteElo "1371"]
[BlackElo "1204"]
[PlyCount "86"]
[EventDate "2022.07.09"]
[EventType "swiss (rapid)"]
[EventRounds "9"]
[EventCountry "ESP"]
[SourceTitle "EXT 2023"]
[Source "ChessBase"]
[SourceDate "2022.10.05"]
[SourceVersion "1"]
[SourceVersionDate "2022.10.05"]
[SourceQuality "1"]

1. e4 c5 2. Nf3 Nc6 3. d4 cxd4 4. Nxd4 e5 5. Nb3 Nf6 6. Nc3 Bb4 7. Bd3 0-0 8. 0-0 Bxc3 9. bxc3 d5 10. exd5 Nxd5 11. c4 Nf6 12. Ba3 Re8 13. Re1 e4 14. Be2 Qxd1 15. Raxd1 Bf5 16. Nd4 Nxd4 17. Rxd4 Rad8 18. Red1 Rxd4 19. Rxd4 e3 20. fxe3 Rxe3 21. Bf3 b6 22. g4 h6 23. gxf5 Rxf3 24. Bb4 Rxf5 25. Rd8+ Kh7 26. Ra8 a5 27. Bd6 Rg5+ 28. Kf1 Rf5+ 29. Kg2 Rg5+ 30. Kf1 Rf5+ 31. Ke1 Ne4 32. Bc7 Rc5 33. Bxb6 Rxc4 34. Kd1 Nc3+ 35. Kd2 Nxa2 36. Rxa5 Nb4 37. c3 Nc6 38. Rd5 Rg4 39. Bc7 Rg2+ 40. Kd3 Rg1 41. Kc4 Rg4+ 42. Kc5 Ne7 43. Rd7 Rg5+ 1-0

[Event "ESP-ch U12 Rapid"]
[Site "Salobrena"]
[Date "2022.07.17"]
[Round "6"]
[White "Gomez Diaz, Rodrigo"]
[Black "Bermudez Salmon, Mateo Tomas"]
[Result "0-1"]
[WhiteElo "1244"]
[BlackElo "1371"]
[PlyCount "54"]
[EventDate "2022.07.09"]
[EventType "swiss (rapid)"]
[EventRounds "9"]
[EventCountry "ESP"]
[SourceTitle "EXT 2023"]
[Source "ChessBase"]
[SourceDate "2022.10.05"]
[SourceVersion "1"]
[SourceVersionDate "2022.10.05"]
[SourceQuality "1"]

1. e4 c5 2. Nf3 Nc6 3. c3 d5 4. exd5 Qxd5 5. d4 cxd4 6. cxd4 Nf6 7. Nc3 Qd8 8. Bc4 Bg4 9. Be3 e6 10. 0-0 Bd6 11. Re1 0-0 12. Bg5 h6 13. Bh4 Bxf3 14. gxf3 Be7 15. Bg3 Qxd4 16. Qb3 Na5 17. Qb4 Bxb4 18. Re4 Nxe4 19. fxe4 Bxc3 20. bxc3 Qxc4 21. Rf1 Qxe4 22. c4 Nxc4 23. a3 Nd2 24. Rd1 Nf3+ 25. Kh1 Nh4+ 26. f3 Qxf3+ 27. Kg1 Qg2# 0-1

[Event "ESP-ch U12"]
[Site "Salobrena"]
[Date "2022.07.11"]
[Round "2"]
[White "Bermudez Salmon, Mateo Tomas"]
[Black "Bartolome Benito, Alejandro"]
[Result "1/2-1/2"]
[WhiteElo "1368"]
[BlackElo "1599"]
[PlyCount "44"]
[EventDate "2022.07.04"]
[EventType "swiss"]
[EventRounds "9"]
[EventCountry "ESP"]
[SourceTitle "EXT 2023"]
[Source "ChessBase"]
[SourceDate "2022.10.05"]
[SourceVersion "1"]
[SourceVersionDate "2022.10.05"]
[SourceQuality "1"]

1. e4 c5 2. Nf3 Nc6 3. d4 cxd4 4. Nxd4 g6 5. Nc3 Bg7 6. Be3 Nf6 7. Be2 0-0 8. Qd2 d5 9. exd5 Nxd5 10. Nxd5 Qxd5 11. Bf3 Qd6 12. Nxc6 Qxd2+ 13. Bxd2 bxc6 14. 0-0-0 Rb8 15. b3 Bf5 16. Rhe1 Bf6 17. Bf4 Kh8 18. Kb1 Kg8 19. Kc1 Kh8 20. Kb1 Kg8 21. Kc1 Kh8 22. Kb1 Kg8 1/2-1/2